[Event "78th ch-ESP 2013"]
[Site "Linares ESP"]
[Date "2013.09.05"]
[Round "8.10"]
[White "Quintin Navarro,A"]
[Black "Almagro Llamas,P"]
[Result "0-1"]
[WhiteElo "2241"]
[BlackElo "2474"]

1.d4 Nf6 2.c4 e6 3.Nf3 Bb4+ 4.Bd2 a5 5.g3 b6 6.Bg2 Bb7 7.O-O Bxd2 8.Qxd2 d6
9.Nc3 O-O 10.d5 e5 11.e4 Bc8 12.Qc2 Nh5 13.Nd2 Na6 14.a3 Qg5 15.Rab1 f5 16.exf5 Bxf5
17.Nde4 Nc5 18.b4 axb4 19.axb4 Nxe4 20.Bxe4 Bxe4 21.Qxe4 Rf4 22.Qe2 Raf8
23.Kh1 Rf3 24.Ne4 Qf5 25.Ra1 Nf6 26.Ng5 Rc3 27.Ne6 Rc2 28.Qe1 Qh3 29.Ng5 Qh5
30.h4 h6 31.Ne6 Qg4  0-1

[Event "FSGM Sept 2013"]
[Site "Budapest HUN"]
[Date "2013.09.07"]
[Round "1.4"]
[White "Kislik,E"]
[Black "Garcia Roman,D"]
[Result "1/2-1/2"]
[WhiteElo "2368"]
[BlackElo "2399"]

1.d4 Nf6 2.c4 e6 3.Nf3 Bb4+ 4.Bd2 c5 5.Bxb4 cxb4 6.a3 bxa3 7.Rxa3 O-O 8.Nc3 d6
9.e3 Nc6 10.Be2 e5 11.O-O Re8 12.d5 Nb4 13.Na2 Nxa2 14.Rxa2 Bg4 15.Nd2 Bxe2
16.Qxe2  1/2-1/2

[Event "TCh-ROU w 2013"]
[Site "Mamaia ROU"]
[Date "2013.09.07"]
[Round "8.1"]
[White "Atalik,E"]
[Black "Peptan,C"]
[Result "1/2-1/2"]
[WhiteElo "2431"]
[BlackElo "2434"]

1.d4 Nf6 2.c4 e6 3.Nf3 Bb4+ 4.Bd2 c5 5.Bxb4 cxb4 6.e3 b6 7.Bd3 Bb7 8.Nbd2 O-O
9.O-O d6 10.Ng5 h6 11.Nge4 Nxe4 12.Bxe4 Bxe4 13.Nxe4 d5 14.Nd2 dxc4 15.Nxc4 Nc6
16.Qf3 Rc8 17.Rac1 Qd7 18.Rfd1 Rfd8 19.b3 Rc7 20.Nb2 Rdc8 21.Nd3 a5 22.Rc4 f6
23.Nf4 Ne7 24.Rxc7 Rxc7 25.e4 Rc3 26.Qe2 Rc6 27.d5 exd5 28.exd5 Rd6 29.h4 g5
30.hxg5 hxg5 31.Nh5 Kf7 32.Re1 Rxd5 33.Qc4 b5 34.Qe4 Ng6 35.Qf3 Qf5 36.Qe3 Re5
37.Qa7+ Ne7 38.Rc1 Qg4 39.Ng3 Qf4 40.Rd1 Qg4 41.Rc1 Qf4 42.Rd1 Qg4  1/2-1/2

[Event "Mohamed Slama Mem 2013"]
[Site "Monastir TUN"]
[Date "2013.09.13"]
[Round "7.6"]
[White "Kaabi,M"]
[Black "Drasko,M"]
[Result "1/2-1/2"]
[WhiteElo "2330"]
[BlackElo "2464"]

1.d4 e6 2.c4 Nf6 3.Nf3 Bb4+ 4.Bd2 Qe7 5.g3 Nc6 6.Nc3 O-O 7.Bg2 Na5 8.b3 b6
9.Ne5 Bb7 10.Bxb7 Nxb7 11.O-O c5 12.a3 Ba5 13.dxc5 Bxc3 14.Bxc3 Nxc5 15.Rb1 Rac8
16.Qd4 Nce4 17.Bb4 d6 18.Nd3 Rfe8 19.Rfd1 h6 20.a4 Qc7 21.Rbc1 Rcd8 22.f3 e5
23.Qe3 Ng5 24.Nf2 a5 25.Ba3 Qc6 26.Rd2 Rd7  1/2-1/2

[Event "TCh-CRO Ia Liga 2013"]
[Site "Bol CRO"]
[Date "2013.09.14"]
[Round "1.1"]
[White "Lalic,B"]
[Black "Gonda,L"]
[Result "1/2-1/2"]
[WhiteElo "2476"]
[BlackElo "2524"]

1.d4 Nf6 2.c4 e6 3.Nf3 Bb4+ 4.Bd2 c5 5.Bxb4 cxb4 6.a3 bxa3 7.Rxa3 O-O 8.e3 Nc6
9.Nc3 b6 10.Be2 Bb7 11.O-O d5 12.cxd5 Nxd5 13.Nxd5 Qxd5 14.Rc3 Rac8 15.Qa4  1/2-1/2

[Event "TCh-CRO Ia Liga 2013"]
[Site "Bol CRO"]
[Date "2013.09.16"]
[Round "3.4"]
[White "Loncar,R"]
[Black "Zaja,I"]
[Result "1/2-1/2"]
[WhiteElo "2380"]
[BlackElo "2487"]

1.d4 Nf6 2.Nf3 e6 3.c4 Bb4+ 4.Bd2 Qe7 5.Nc3 Bxc3 6.Bxc3 Ne4 7.Qc2 Nxc3 8.Qxc3 d6
9.g3 O-O 10.Bg2 Nc6 11.O-O a5 12.e4 e5 13.d5 Nb8 14.Nd2 Nd7 15.Rae1 c6  1/2-1/2

[Event "TCh-CRO Ia Liga 2013"]
[Site "Bol CRO"]
[Date "2013.09.17"]
[Round "4.2"]
[White "Cheparinov,I"]
[Black "Naiditsch,A"]
[Result "1/2-1/2"]
[WhiteElo "2687"]
[BlackElo "2710"]

1.d4 Nf6 2.c4 e6 3.Nf3 Bb4+ 4.Bd2 Bxd2+ 5.Nbxd2 d5 6.g3 O-O 7.Bg2 Nbd7 8.O-O c5
9.cxd5 Nxd5 10.dxc5 Nxc5 11.Rc1 b6 12.a3 a5 13.Nb3 Nxb3 14.Qxb3 a4 15.Qc2 Bb7
16.Rfd1 Qe7 17.Ne5 Rfc8 18.Qd2 h6 19.Nc4 Rd8 20.Qe1 Nf6 21.Bxb7 Qxb7 22.Qb4 Rxd1+
23.Rxd1 Qa6 24.Rd4 Nd5 25.Qd2 Rc8 26.Nd6 Rc5 27.h4 b5 28.Nf5 exf5 29.Rxd5 Qc6
30.Rxc5 Qxc5 31.h5 Qc4 32.Qd8+ Kh7 33.Qd3 Qc1+ 34.Kg2 Qxb2 35.Qxf5+ Kg8 36.Qc8+ Kh7
37.Qf5+  1/2-1/2

[Event "TCh-CRO Ia Liga 2013"]
[Site "Bol CRO"]
[Date "2013.09.18"]
[Round "5.5"]
[White "Zaja,I"]
[Black "Bilobrk,F"]
[Result "1/2-1/2"]
[WhiteElo "2487"]
[BlackElo "2393"]

1.d4 Nf6 2.c4 e6 3.Nf3 Bb4+ 4.Bd2 Bxd2+ 5.Qxd2 d5 6.Nc3 O-O 7.e3 Qe7 8.Rc1 Rd8
9.Qc2 dxc4 10.Bxc4 c5 11.O-O Nc6 12.dxc5 Qxc5 13.Ne4 Qe7 14.a3 Bd7 15.Rfd1 Be8
16.b4 Nxe4 17.Qxe4 Rxd1+ 18.Rxd1 a6 19.h3 Rd8 20.Rd3 Rxd3 21.Qxd3 Qd7 22.Kf1 Qxd3+
23.Bxd3 h6 24.Ke1 Kf8 25.Kd2 Ke7 26.Kc3 Kd6 27.Nd2 Ne5 28.Nc4+ Nxc4 29.Bxc4  1/2-1/2

[Event "TCh-CRO w Liga 2013"]
[Site "Bol CRO"]
[Date "2013.09.18"]
[Round "5.3"]
[White "Ivekovic,T"]
[Black "Vujnovic,P"]
[Result "1/2-1/2"]
[WhiteElo "1985"]
[BlackElo "2081"]

1.d4 Nf6 2.c4 e6 3.Nf3 Bb4+ 4.Bd2 Qe7 5.Nc3 b6 6.g3 Bb7 7.Bg2 O-O 8.O-O Bxc3
9.Bxc3 Ne4 10.Qc2 Nxc3 11.Qxc3 d6 12.Rfe1 Nd7 13.Ne5 dxe5 14.Bxb7 exd4 15.Qxd4 Rad8
16.Bg2 Nc5 17.Qc3 a5 18.Red1 Rd6 19.Qc2 Rfd8 20.b3 Qd7 21.Rxd6 Qxd6 22.Bf3 Qd2
23.Rc1 Kf8 24.e3 Ke7 25.Kf1 Qxc2 26.Rxc2 e5 27.Be2 e4 28.Ke1 Ke6 29.Rd2 Rxd2
30.Kxd2 Ke5 31.Kc3 Ne6 32.a3 f5 33.b4 axb4+ 34.Kxb4 g5 35.f4+ Kd6 36.Bf1 g4
37.Be2 Nc5 38.Kc3 Na4+ 39.Kb3 Nc5+ 40.Kc3  1/2-1/2

[Event "1st League Cent-SRB 2013"]
[Site "Kragujevac SRB"]
[Date "2013.09.19"]
[Round "8.6"]
[White "Djukic,Z SRB"]
[Black "Radibratovic,P"]
[Result "1-0"]
[WhiteElo "2386"]
[BlackElo "2362"]

1.d4 Nf6 2.c4 e6 3.Nf3 Bb4+ 4.Bd2 Bxd2+ 5.Qxd2 b6 6.g3 Bb7 7.Bg2 d6 8.O-O Nbd7
9.Nc3 O-O 10.Qc2 Re8 11.Ne1 Bxg2 12.Nxg2 c6 13.e4 e5 14.d5 cxd5 15.cxd5 Rc8
16.Qe2 Nc5 17.f3 Qd7 18.Rfc1 Na4 19.Nd1 b5 20.b3 Nb6 21.Nge3 g6 22.Kg2 Kg7
23.Nb2 a6 24.Qd2 Rxc1 25.Rxc1 Rc8 26.Nd3 Rxc1 27.Qxc1 Qa7 28.Nf5+ gxf5 29.Qg5+ Kf8
30.Qxf6 Qc7 31.Nb4  1-0

[Event "46th TCh-BUL w 2013"]
[Site "Sunny Beach BUL"]
[Date "2013.09.19"]
[Round "1.2"]
[White "Parvanova,D"]
[Black "Nikolova,A"]
[Result "0-1"]
[WhiteElo "1983"]
[BlackElo "2274"]

1.d4 Nf6 2.Nf3 e6 3.c4 Bb4+ 4.Bd2 a5 5.e3 b6 6.Bd3 Bb7 7.O-O O-O 8.a3 Be7
9.Nc3 d5 10.cxd5 exd5 11.Ne5 Nbd7 12.Rc1 Ne4 13.Bb1 Bd6 14.f4 Nxc3 15.Rxc3 Nf6
16.e4 dxe4 17.Rh3 c5 18.Bc3 b5 19.Ng4 b4 20.Be1 Be7 21.Nxf6+ Bxf6 22.Qh5 Bxd4+
23.Kh1 h6 24.Ba2 Ba6 25.Bh4 Qd6 26.Re1 Qxf4 27.Rg3 Qe5 28.Qg6 c4 29.Qc6 Bb5
30.Qxe4 Qxe4 31.Rxe4 Bxb2 32.a4 Rfe8 33.Rge3 Bxa4 34.Bxc4 Rxe4 35.Rxe4 g5
36.Bf2 Re8 37.Rxe8+ Bxe8 38.Bb6 a4  0-1

[Event "e2e4 Bedford Open 2013"]
[Site "Bedford ENG"]
[Date "2013.09.20"]
[Round "1"]
[White "Batchelor,Peter J"]
[Black "Arkell,K"]
[Result "1/2-1/2"]
[WhiteElo "2132"]
[BlackElo "2451"]

1.d4 Nf6 2.c4 e6 3.Nf3 Bb4+ 4.Bd2 Qe7 5.g3 Nc6 6.Bg2 Bxd2+ 7.Nbxd2 d6 8.O-O e5
9.d5 Nb8 10.Qa4+ Nbd7 11.e4 O-O 12.b4 a5 13.a3 Nh5 14.Ne1 Qg5 15.Qc2 axb4
16.Nef3 b3 17.Nxb3 Qe7 18.a4 g6 19.a5 f5 20.exf5 gxf5 21.Rfe1 e4 22.Qc3 Qf6
23.Qxf6 Nhxf6 24.Nfd2 Ne5 25.f3 exf3 26.Bxf3 f4 27.gxf4 Nxf3+ 28.Nxf3 Nh5
29.Nbd4 Bg4 30.Ng5 Rxf4 31.Re4 h6 32.Rxf4 Nxf4 33.Ne4 Ne2+ 34.Nxe2 Bxe2 35.Nd2 Kf7
36.Rb1 Ra7 37.Kf2 Bg4 38.Ke3 Ke7 39.Kf4 Bc8 40.Nb3 Bd7 41.Rg1 Ba4 42.Nd4 Kf6
43.Rb1 Bd7 44.h4 Bc8 45.Rb5 Kg6 46.c5 Bd7 47.cxd6 cxd6 48.Rb6 Ra6 49.Rxb7 Be8
50.Rb6 Rxa5 51.Rxd6+ Kh5 52.Nf5 Ra4+ 53.Ke5 Kg4 54.Rxh6 Ra1 55.Ng7 Bf7 56.Rf6 Re1+
57.Kd6 Bxd5 58.Kxd5 Kxh4 59.Rg6 Kh3 60.Nf5 Re2 61.Nd6 Re7 62.Ne4 Re8 63.Kd4 Ra8
64.Ke3 Ra3+ 65.Kf4 Ra4 66.Rg3+ Kh2 67.Rb3 Kg2 68.Rb2+ Kh3 69.Rc2 Rb4 70.Kf3 Rb3+
71.Kf4 Rb4 72.Re2 Ra4 73.Re3+ Kh4 74.Re1 Kh5 75.Rg1 Kh6 76.Kf5 Ra5+ 77.Ke6 Ra6+
78.Nd6 Kh5 79.Rg8 Ra5 80.Nc4 Rg5 81.Rxg5+ Kxg5  1/2-1/2

[Event "Slama Mem Schev 2013"]
[Site "Monastir TUN"]
[Date "2013.09.20"]
[Round "6.4"]
[White "Kaabi,M"]
[Black "Drasko,M"]
[Result "1/2-1/2"]
[WhiteElo "2330"]
[BlackElo "2464"]

1.d4 e6 2.c4 Nf6 3.Nf3 Bb4+ 4.Bd2 Qe7 5.g3 Nc6 6.Bg2 Bxd2+ 7.Nbxd2 d6 8.e4 a5
9.O-O e5 10.d5 Nb8 11.Ne1 h5 12.h3 h4  1/2-1/2

[Event "46th TCh-BUL w 2013"]
[Site "Sunny Beach BUL"]
[Date "2013.09.20"]
[Round "2.3"]
[White "Yordanova,S"]
[Black "Maksimovic,S"]
[Result "1/2-1/2"]
[WhiteElo "2053"]
[BlackElo "2182"]

1.d4 Nf6 2.c4 e6 3.Nf3 Bb4+ 4.Bd2 Qe7 5.g3 O-O 6.Nc3 Bxc3 7.Bxc3 Ne4 8.Rc1 d6
9.Bg2 Nxc3 10.Rxc3 e5 11.O-O a5 12.c5 dxc5 13.Nxe5 cxd4 14.Qxd4 c6 15.Re3 Be6
16.Nd3 Na6 17.a3 Qd8 18.Qc3 a4 19.Nf4 Bb3 20.h4 Qd6 21.Rc1 Rad8 22.Rd3 Qe7
23.Re3 Qd6 24.Rd3 Qe7 25.Re3 Qd6 26.Rd3 Qe7  1/2-1/2

[Event "TCh-CRO Ia Liga 2013"]
[Site "Bol CRO"]
[Date "2013.09.21"]
[Round "8.5"]
[White "Jankovic,A"]
[Black "Zelcic,R"]
[Result "1/2-1/2"]
[WhiteElo "2562"]
[BlackElo "2532"]

1.d4 Nf6 2.Nf3 e6 3.c4 Bb4+ 4.Bd2 Qe7 5.c5 Bxd2+ 6.Nbxd2 d6 7.cxd6 cxd6 8.e4 O-O
9.Be2 e5 10.O-O Bg4 11.Nh4 Bd7 12.Nhf3 Bg4 13.Nh4 Bd7 14.Nhf3 Nc6 15.d5 Nb4
16.a3 Na6 17.b4 Rfc8 18.Qb3 Rc7 19.Rfc1 Rac8 20.Rxc7 Rxc7 21.Qe3 b5 22.Nb3 Nb8
23.Ne1 Qd8 24.f3 h6 25.Rc1 Rxc1 26.Nxc1 Qc7 27.Nb3 Be8 28.Kf2 a6 29.Qc1 Qa7+
30.Qe3 Qc7 31.Qc1 Qa7+ 32.Qe3 Qc7  1/2-1/2

[Event "TCh-FIN SM 2013-14"]
[Site "Joensuu FIN"]
[Date "2013.09.21"]
[Round "1.3"]
[White "Solozhenkin,E"]
[Black "Jouhki,Y"]
[Result "1-0"]
[WhiteElo "2469"]
[BlackElo "2274"]

1.d4 Nf6 2.c4 e6 3.Nf3 Bb4+ 4.Bd2 a5 5.g3 d6 6.Bg2 Nbd7 7.O-O e5 8.Nc3 exd4
9.Nxd4 O-O 10.Qc2 Nb6 11.b3 Re8 12.Rad1 Qe7 13.Bf4 a4 14.Ndb5 Bc5 15.Qb1 axb3
16.axb3 Ng4 17.b4 Bxf2+ 18.Rxf2 Nxf2 19.Kxf2 g5 20.Bc1 Nxc4 21.Qe4 Ne5 22.Kg1 f5
23.Qe3 Nf7 24.Nd5 Qxe3+ 25.Bxe3 Re5 26.Nbxc7 Ra2 27.Bf1 Rc2 28.Bd4  1-0

[Event "2nd GP Pyramides-Trophee Kaissa"]
[Site "Le Port-Marly FRA"]
[Date "2013.09.21"]
[Round "5.1"]
[White "Tregubov,P"]
[Black "Dgebuadze,A"]
[Result "1/2-1/2"]
[WhiteElo "2608"]
[BlackElo "2529"]

1.c4 e6 2.d4 Nf6 3.Nf3 Bb4+ 4.Bd2 a5 5.e3 b6 6.Bd3 Bb7 7.O-O Qe7 8.Bc1 d5
9.a3 Bd6 10.Nc3 O-O 11.Nb5 Nbd7 12.Nxd6 cxd6 13.cxd5 Bxd5 14.Re1 Ne4 15.Nd2 f5
16.f3 Nxd2 17.Bxd2 Qh4 18.Re2 Nf6 19.Be1 Qg5 20.Bg3 Nh5 21.Qe1 Nxg3 22.Qxg3 Qxg3
23.hxg3 Rac8 24.Rc2 Rxc2 25.Bxc2 Rc8 26.Bd3 h6 27.Kf2 Kf7 28.Ke1 Kf6 29.Kd2 e5
30.Rh1 e4  1/2-1/2

[Event "2nd GP Pyramides-Trophee Kaissa"]
[Site "Le Port-Marly FRA"]
[Date "2013.09.21"]
[Round "9.2"]
[White "Vachier Lagrave,M"]
[Black "Le Roux,JP"]
[Result "1-0"]
[WhiteElo "2722"]
[BlackElo "2571"]

1.d4 Nf6 2.c4 e6 3.Nf3 Bb4+ 4.Bd2 a5 5.Nc3 d5 6.e3 O-O 7.Bd3 b6 8.O-O dxc4
9.Bxc4 Bb7 10.Rc1 Nbd7 11.a3 Bd6 12.Re1 Ne4 13.Nxe4 Bxe4 14.Bc3 Qe7 15.Nd2 Bb7
16.e4 Bf4 17.g3 Bh6 18.f4 Rad8 19.Qe2 c5 20.d5 exd5 21.Bxd5 Nb8 22.Nc4 Bxd5
23.exd5 Qxe2 24.Rxe2 b5 25.Ne3 b4 26.Be5 Nd7 27.Bc7 Rde8 28.Bd6  1-0

[Event "Baku Open 2013"]
[Site "Baku AZE"]
[Date "2013.09.22"]
[Round "4.32"]
[White "Guliev,Sarh"]
[Black "Guliev,L"]
[Result "1/2-1/2"]
[WhiteElo "2460"]
[BlackElo "2380"]

1.d4 Nf6 2.c4 e6 3.Nf3 Bb4+ 4.Bd2 Bxd2+ 5.Nbxd2 d5 6.e3 O-O 7.Bd3 Nbd7 8.O-O c5
9.cxd5 exd5 10.dxc5 Nxc5 11.Nb3 Nxb3 12.axb3 Bg4 13.Be2  1/2-1/2

[Event "39th National ch-BAN"]
[Site "Dhaka BAN"]
[Date "2013.09.22"]
[Round "2.7"]
[White "Ahmed,SN"]
[Black "Minhazuddin,A"]
[Result "0-1"]
[WhiteElo "2314"]
[BlackElo "2377"]

1.d4 Nf6 2.c4 e6 3.Nf3 Bb4+ 4.Bd2 Qe7 5.g3 O-O 6.Nc3 b6 7.Bg2 Bb7 8.O-O d6
9.Qc2 Nbd7 10.Rfd1 Bxc3 11.Bxc3 Be4 12.Qa4 Nh5 13.Ne1 Bxg2 14.Nxg2 f5 15.Qc6 Ndf6
16.Bb4 Qf7 17.c5 Nd5 18.Be1 Rad8 19.Qb7 f4 20.Rd3 bxc5 21.dxc5 dxc5 22.Qxa7 c4
23.Ra3 fxg3 24.hxg3 Qg6 25.Rc1 Qe4 26.e3 Qf3 27.Qa6 Nb6 28.Qa5 Rd5 29.Qb4 Nxg3
30.e4 Ne2+ 31.Kf1 Ng3+ 32.Kg1 Ne2+ 33.Kf1 Rd3 34.Rxc4 Ng3+ 35.Kg1 Rxa3 36.bxa3 Nxc4
37.Qxc4 Ne2+ 38.Kf1 Ng3+ 39.Kg1 Qxe4 40.Qxc7 Ne2+ 41.Kh2 Nd4 42.Bc3 Nf3+
43.Kh1 Qg4  0-1

[Event "Werder Bremen GM 2013"]
[Site "Bremen GER"]
[Date "2013.09.24"]
[Round "4.2"]
[White "Meins,G"]
[Black "Fish,G"]
[Result "1/2-1/2"]
[WhiteElo "2448"]
[BlackElo "2464"]

1.d4 Nf6 2.c4 e6 3.Nf3 Bb4+ 4.Bd2 c5 5.Bxb4 cxb4 6.e3 O-O 7.Bd3 d6 8.O-O Nc6
9.Nbd2 a5 10.Qc2 b6 11.Ne4 h6 12.a3 Bb7 13.Nxf6+ Qxf6 14.d5 exd5 15.cxd5 Ne5
16.Nxe5 Qxe5 17.axb4 Qxd5 18.e4 Qd4 19.bxa5 Rxa5 20.Rxa5 bxa5 21.Ra1 Rc8
22.Qe2 Rc5 23.h3 Re5 24.Qe3 Qxe3 25.fxe3 Bxe4 26.Bxe4 Rxe4 27.Rxa5 Rxe3 28.Ra8+ Kh7
29.Rd8 Rb3 30.Rxd6 Rxb2 31.Kh2 h5 32.h4 f6 33.Rd5 Kg6 34.Kg3 Re2 35.Kf3 Re5
36.Rd7 Kh6 37.Rd6 Rf5+ 38.Kg3 g5 39.hxg5+ Rxg5+ 40.Kf4 Kg6 41.g3 Rf5+ 42.Ke3 Kg5
43.Rd4 Re5+ 44.Kf3 Re8 45.Ra4 Rh8 46.Rb4 f5 47.Ra4 h4 48.gxh4+ Rxh4 49.Rxh4 Kxh4
50.Kf4 Kh3 51.Kxf5  1/2-1/2

[Event "Caissa IM September 2013"]
[Site "Kecskemet HUN"]
[Date "2013.09.26"]
[Round "6.1"]
[White "Bird,A"]
[Black "Vamos,V"]
[Result "1/2-1/2"]
[WhiteElo "2203"]
[BlackElo "2181"]

1.d4 Nf6 2.Nf3 e6 3.c4 Bb4+ 4.Bd2 Bxd2+ 5.Qxd2 O-O 6.Nc3 Nc6 7.d5 Ne7 8.e3 d6
9.dxe6 fxe6 10.Bd3 b6 11.Ne4 Nxe4 12.Bxe4 Rb8 13.Qc2 h6 14.h4 e5 15.O-O-O Qe8
16.Rdg1 Bf5 17.h5 Bxe4 18.Qxe4 Qc6  1/2-1/2

[Event "Grand Open Blagoevgrad 2013"]
[Site "Blagoevgrad BUL"]
[Date "2013.09.28"]
[Round "1.13"]
[White "Borisov,Kiril"]
[Black "Spassov,L"]
[Result "0-1"]
[WhiteElo "1822"]
[BlackElo "2327"]

1.d4 Nf6 2.c4 e6 3.Nf3 Bb4+ 4.Bd2 c5 5.a3 Bxd2+ 6.Qxd2 cxd4 7.Nxd4 a6 8.g3 Qc7
9.Nc3 O-O 10.Rc1 b6 11.Bg2 Bb7 12.Bxb7 Qxb7 13.O-O Rc8 14.Qd3 d6 15.Rfd1 Nbd7
16.Nf3 Rc6 17.Ne4 Nxe4 18.Qxe4 Nf6 19.Qd3 Rac8 20.Rc3 h6 21.Rdc1 R6c7 22.Nd2 Qc6
23.f3 Rd7 24.e4 Qb7 25.Nf1 Rdd8 26.Ne3 Nd7 27.Kf2 Ne5 28.Qd4 Rc6 29.f4 Nd7
30.b4 Rdc8 31.f5 Nf6 32.fxe6 fxe6 33.e5 dxe5 34.Qxe5 Rd6 35.Kg1 Rcd8 36.c5 bxc5
37.bxc5 Rc6 38.Nc4 Rd5 39.Na5 Qd7 40.Qe1 Rc7 41.c6 Qe7 42.Nb3 e5 43.Nd2 e4
44.Nf1 Qe6 45.Qe3 Rd6 46.Qc5 Nd5 47.Qc4 Nxc3  0-1

[Event "12th Forchheim Open A 2013"]
[Site "Forchheim GER"]
[Date "2013.09.28"]
[Round "3.2"]
[White "Golda,H"]
[Black "Meijers,V"]
[Result "1/2-1/2"]
[WhiteElo "2332"]
[BlackElo "2458"]

1.d4 Nf6 2.Nf3 e6 3.c4 Bb4+ 4.Bd2 a5 5.Nc3 b6 6.g3 Bb7 7.Bg2 Bxc3 8.Bxc3 Ne4
9.Qc2 Nxc3 10.Qxc3 O-O 11.O-O d6 12.Rfe1 f5 13.Nh4 Bxg2 14.Nxg2 Nd7 15.e4 fxe4
16.Rxe4 e5 17.dxe5 Nxe5 18.f4 Nc6 19.Ne3 Re8 20.Rxe8+ Qxe8 21.Re1 Qf7 22.Nd5 Nb4
23.Ne7+ Kf8 24.a3 Re8 25.axb4 axb4 26.Qxb4 Rxe7 27.Rxe7 Qxe7 28.Kf2 Qe4 29.Qc3 h5
30.h4 Kf7 31.b4 c5 32.bxc5 bxc5 33.Qb3 Kg6 34.Qb5 Qd4+ 35.Kf3 Qd3+ 36.Kf2 Qe4
37.Qa4 Qe6 38.Kf3 Kf5 39.Qa8 Qxc4 40.Qf8+ Kg6 41.Qxd6+ Kh7 42.Qe5 Qf1+ 43.Ke3 Qe1+
44.Kf3 Qf1+ 45.Ke3 Qe1+  1/2-1/2

[Event "Grand Open Blagoevgrad 2013"]
[Site "Blagoevgrad BUL"]
[Date "2013.09.29"]
[Round "2.28"]
[White "Tonkov,B"]
[Black "Dermatopoulos,Konstantinos"]
[Result "1-0"]
[WhiteElo "2323"]
[BlackElo "1664"]

1.d4 Nf6 2.c4 e6 3.Nf3 Bb4+ 4.Bd2 Bxd2+ 5.Qxd2 d6 6.Nc3 Qe7 7.g3 O-O 8.Bg2 e5
9.O-O Nbd7 10.e3 Re8 11.Rac1 Nf8 12.dxe5 dxe5 13.Nd5 Nxd5 14.cxd5 e4 15.Nd4 Rd8
16.Qc2 Rxd5 17.Qxc7 Qe8 18.Rc3 Rd7 19.Qc4 Re7 20.Rfc1 Bd7 21.b3 Rc8 22.Qb4 Rxc3
23.Rxc3 b5 24.Rc7 a6 25.Qd6 Ne6 26.Nxe6 fxe6 27.Bxe4 Rf7 28.Qxa6 Qd8 29.Qd6 Qf6
30.Qd2 Be8 31.Rxf7 Bxf7 32.Kg2 Qe7 33.a4 e5 34.axb5 Kf8 35.b6  1-0

[Event "23rd EYCC Open U18 2013"]
[Site "Budva MNE"]
[Date "2013.09.29"]
[Round "1.32"]
[White "Saraci,Nderim"]
[Black "Silva,Luis"]
[Result "1/2-1/2"]
[WhiteElo "1972"]
[BlackElo "2281"]

1.d4 Nf6 2.c4 e6 3.Nf3 Bb4+ 4.Bd2 Qe7 5.a3 Bxd2+ 6.Nbxd2 d6 7.Qc2 e5 8.e3 O-O
9.dxe5 dxe5 10.c5 a5 11.Rc1 Nc6 12.Bb5 Bd7 13.O-O e4 14.Bxc6 Bxc6 15.Nd4 Bd5
16.b4 Qe5 17.h3 Qh5 18.Qc3 Rfe8 19.Rfd1 Re5 20.Nf1 axb4 21.axb4 Rae8 22.Ng3 Qg6
23.Nde2 h5 24.Nf4 Qh6 25.h4 c6 26.b5 cxb5 27.Qa5 Bc6 28.Rd6 Qh7 29.Qd2 Ng4
30.Rd8 g6 31.Ra1 Qg7 32.Raa8 Qf8 33.Qd4 Rxd8 34.Rxd8 Re8 35.Rxe8 Qxe8 36.Nd5 Qd8
37.Nb4 Qxh4 38.Nxc6 bxc6 39.Qxe4 Qf6 40.f3 Ne5 41.Ne2 Nc4 42.Nd4 Qe5 43.Nxc6 Qxc5
44.Nd4 b4 45.Kf2 Nd6 46.Qe7 Qd5 47.Qd8+ Kg7 48.Qb6 Qa2+ 49.Kg3 h4+ 50.Kxh4 Ne8
51.Kg3 Qd2  1/2-1/2

[Event "23rd EYCC Open U16 2013"]
[Site "Budva MNE"]
[Date "2013.09.29"]
[Round "1.40"]
[White "Syvalahti,Timo"]
[Black "Kumsiashvili,N"]
[Result "1/2-1/2"]
[WhiteElo "1708"]
[BlackElo "2130"]

1.d4 Nf6 2.c4 e6 3.Nf3 Bb4+ 4.Bd2 Bxd2+ 5.Qxd2 d5 6.Nc3 O-O 7.e3 Qe7 8.Be2 Rd8
9.Qc2 dxc4 10.Bxc4 c5 11.O-O Nc6 12.dxc5 Qxc5 13.Be2 e5 14.Rac1 Bg4 15.Ne4 Qe7
16.Nxf6+ Qxf6 17.Rfd1 Rdc8 18.Qa4 Bf5 19.Bd3 Bxd3 20.Rxd3 Rd8 21.Rxd8+ Rxd8
22.Qe4 Qe6 23.b3 f5 24.Qh4 h6 25.h3 Rd6 26.Qc4 Qxc4 27.Rxc4 Rd1+ 28.Kh2 e4
29.Nh4 Rd5 30.g4 fxg4 31.hxg4 Rd2 32.Ra4 Rxf2+ 33.Kg3 Re2 34.Nf5 g6 35.Nxh6+ Kg7
36.g5 Rxe3+ 37.Kf4 Re2 38.Ng4 a5 39.a3 Rb2 40.Rxe4 Rxb3 41.a4 Kf8 42.Ne5 Ne7
43.Nd7+ Kf7 44.Ne5+ Kg7 45.Nc4 Nc6 46.Ne5 Nd8 47.Nd7 Nf7 48.Re7 Rb4+ 49.Kf3 Kg8
50.Re8+ Kg7 51.Re7  1/2-1/2

[Event "12th Forchheim Open A 2013"]
[Site "Forchheim GER"]
[Date "2013.09.29"]
[Round "5.4"]
[White "Golda,H"]
[Black "Steinhart,C"]
[Result "1-0"]
[WhiteElo "2332"]
[BlackElo "1966"]

1.d4 Nf6 2.Nf3 e6 3.c4 Bb4+ 4.Bd2 c5 5.Bxb4 cxb4 6.g3 O-O 7.Bg2 Nc6 8.Nbd2 d6
9.O-O e5 10.d5 Nb8 11.Ne1 Nbd7 12.Nd3 a5 13.a3 bxa3 14.Rxa3 Nb6 15.e4 Bg4
16.f3 Bd7 17.Qe2 Qc7 18.Rc1 Na4 19.Rca1 Nc5 20.Nxc5 dxc5 21.h4 Nh5 22.Kh2 g6
23.Nf1 b6 24.Qd2 Kg7 25.d6 Qc6 26.Rd3 Be6 27.Qc3 f6 28.Bh3 Kf7 29.Bxe6+ Kxe6
30.Rad1 Rad8 31.Ne3 Rd7 32.Nd5 Rfd8 33.Nc7+ Kf7 34.Nb5 Ng7 35.Qd2 Ne6 36.Qh6 Rh8
37.Rd5 Nd4 38.f4 Nxb5 39.cxb5 Qxb5 40.fxe5 fxe5 41.R1d2 Ke6 42.Rxe5+ Kxe5
43.Qg5+ Ke6 44.Qd5+ Kf6 45.Rf2+ Kg7 46.Qe5+ Kg8 47.Qe6+ Kg7 48.Qf6+ Kh6 49.Qxh8 Qb3
50.Qf6 Qe3 51.e5 Qd4 52.Re2 Qd3 53.Qf4+ Kg7 54.Rd2 Qb3 55.Qf6+ Kg8 56.e6 Rxd6
57.Qf7+  1-0

[Event "Oslo Int Open 2013"]
[Site "Oslo NOR"]
[Date "2013.09.29"]
[Round "8"]
[White "Andersen,Mad"]
[Black "Getz,N"]
[Result "1-0"]
[WhiteElo "2479"]
[BlackElo "2358"]

1.d4 Nf6 2.c4 e6 3.Nf3 Bb4+ 4.Bd2 Qe7 5.g3 Bxd2+ 6.Qxd2 Nc6 7.Nc3 d6 8.Bg2 O-O
9.O-O a6 10.Rac1 Bd7 11.b3 d5 12.Qf4 dxc4 13.bxc4 Qd6 14.Ne5 Be8 15.Rfd1 Na5
16.Rb1 Rb8 17.Qe3 Qe7 18.c5 Nd7 19.Nd3 Nc4 20.Qc1 Na5 21.Nb4 Qd8 22.e4 e5
23.dxe5 Qe7 24.Ncd5 Qxe5 25.f4 Qh5 26.Qa3 Nc4 27.Qc3 a5 28.Ne7+ Kh8 29.Nbd5 b5
30.Bf3 Qh3 31.c6 Ndb6 32.Nxc7 Bxc6 33.Nxc6 Rbc8 34.Rxb5 Rxc7 35.Rc5 Qe6 36.e5 Rfc8
37.Qd4 Rd7 38.Bd5 Nxd5 39.Rxd5 Rxd5 40.Qxd5 Qxd5 41.Rxd5 a4 42.Kf2 h5 43.e6  1-0

[Event "Oslo Int Open 2013"]
[Site "Oslo NOR"]
[Date "2013.09.29"]
[Round "9"]
[White "Postny,E"]
[Black "Turov,M"]
[Result "1/2-1/2"]
[WhiteElo "2628"]
[BlackElo "2586"]

1.d4 Nf6 2.c4 e6 3.Nf3 Bb4+ 4.Bd2 a5 5.g3 d6 6.Bg2 Nbd7 7.O-O e5 8.Qc2 O-O
9.Nc3 Re8 10.e4 exd4 11.Nxd4 Ne5 12.b3 a4 13.h3 Bc5 14.Nde2 axb3 15.axb3 Rxa1
16.Rxa1 Nc6 17.Rf1 Bd7 18.Kh2 Nb4 19.Qb1 Bc6 20.Nf4 Qa8 21.Ncd5 Bxd5 22.exd5 Qa2
23.Qxa2 Nxa2 24.Nd3 Bd4 25.Bf3 Nd7 26.Re1 Rxe1 27.Bxe1 Nc5  1/2-1/2

[Event "23rd EYCC Open U18 2013"]
[Site "Budva MNE"]
[Date "2013.10.01"]
[Round "3.35"]
[White "Batchelor,Peter J"]
[Black "Tairi,K"]
[Result "1-0"]
[WhiteElo "2132"]
[BlackElo "1864"]

1.d4 Nf6 2.c4 e6 3.Nf3 Bb4+ 4.Bd2 Bxd2+ 5.Qxd2 d6 6.Nc3 Nbd7 7.g3 Qe7 8.Bg2 e5
9.O-O O-O 10.Rac1 a6 11.Nd5 Qd8 12.Rfd1 Re8 13.dxe5 Nxe5 14.Nxe5 dxe5 15.Qa5 Nxd5
16.cxd5 b6 17.Qa3 Ra7 18.h3 h6 19.e3 a5 20.d6 cxd6 21.Rxd6 Rd7 22.Rcc6 Rxd6
23.Qxd6 Qxd6 24.Rxd6 Be6 25.Rxb6 Bxa2 26.Ra6 Rb8 27.Rxa5 Rxb2 28.Be4 f6 29.Rxa2 Rb4
30.Bg6 Kf8 31.Ra8+  1-0

[Event "Tatry Open 2013"]
[Site "Tatranske Zruby SVK"]
[Date "2013.10.01"]
[Round "3.7"]
[White "Ruckschloss,K"]
[Black "Dolezal,Ra1"]
[Result "1/2-1/2"]
[WhiteElo "2244"]
[BlackElo "2368"]

1.c4 e6 2.d4 Nf6 3.Nf3 Bb4+ 4.Bd2 Qe7 5.a3 Bxd2+ 6.Nbxd2 d6 7.e4 e5 8.d5 O-O
9.Bd3 Nh5 10.Qc2 Nf4 11.g3 Nxd3+ 12.Qxd3 f5  1/2-1/2

[Event "Tatry Open 2013"]
[Site "Tatranske Zruby SVK"]
[Date "2013.10.01"]
[Round "4.24"]
[White "Bombek,P"]
[Black "Partys,P"]
[Result "1-0"]
[WhiteElo "2219"]
[BlackElo "2007"]

1.Nf3 Nf6 2.d4 e6 3.c4 Bb4+ 4.Bd2 Qe7 5.g3 O-O 6.Bg2 Nc6 7.O-O Bxd2 8.Nbxd2 d6
9.e4 e5 10.d5 Nb8 11.b4 Bg4 12.Qc2 Bxf3 13.Bxf3 Nbd7 14.Nb3 Rfc8 15.Na5 Rab8
16.Rfd1 c6 17.dxc6 bxc6 18.Qd2 c5 19.Qxd6 Qxd6 20.Rxd6 Rb6 21.Rad1 Rxd6 22.Rxd6 cxb4
23.Bg4 Rc7 24.Bxd7 Nxd7 25.Nc6 h6 26.Nxb4 Nb6 27.Rc6 Rb7 28.Nd5 Nxd5 29.Rc8+ Kh7
30.exd5 Kg6 31.d6 Kf6 32.Rc7 Rb1+ 33.Kg2 Ke6 34.c5 Rd1 35.Rxa7  1-0

[Event "23rd EYCC Open U18 2013"]
[Site "Budva MNE"]
[Date "2013.10.03"]
[Round "5.32"]
[White "Copi,Ambroz"]
[Black "Tominga,Eke"]
[Result "0-1"]
[WhiteElo "1801"]
[BlackElo "2053"]

1.d4 Nf6 2.c4 e6 3.Nf3 Bb4+ 4.Bd2 Qe7 5.a3 Bxd2+ 6.Nbxd2 d6 7.g3 e5 8.dxe5 dxe5
9.e3 O-O 10.Bg2 Bf5 11.O-O c6 12.Re1 a5 13.e4 Bg4 14.h3 Bh5 15.g4 Bg6 16.Nh4 Nbd7
17.Nf5 Bxf5 18.exf5 g6 19.g5 Nh5 20.f6 Qe6 21.Ne4 Nf4 22.Qf3 Rfd8 23.Qg3 h5
24.gxh6 Nxf6 25.Nc5 Qf5 26.Re3 b6 27.Ne4 Rd3 28.Nxf6+ Qxf6 29.Rae1 Rad8 30.Qf3 c5
31.Qe4 Rxe3 32.Qxe3 Qg5 33.Qf3 Rd3 34.Re3 Rxe3 35.fxe3 Nxg2 36.Qxg2 Qxg2+
37.Kxg2 Kh7 38.Kf3 f5  0-1